Turiec a colourful heart of Slovakia

Bibliographic Details
Main Author: Muntág, Stanislav, 1965- (Author)
Other Authors: Antal, Juraj (Photographer)
Format: Book
Language:English
German
Slovak
PhysicalDescription:100 s. fareb. fotogr. 28 cm
Published: Martin Vydavateľstvo Matice slovenskej 2005
ISBN:8089208061
Edition:[1st ed.]
Subjects:

MARC

LEADER 00000nam a2200000 a 4500
001 vtls008302768
003 SK-MaSNL
005 20260302074206.0
008 240315s2005 xo o g 000 0 eng
015 |a SNBA2007/08-03829 
020 |a 8089208061  |q (viaz.) 
035 |a 8CAC92C6-5964-4077-9B13-687340CE300B 
035 |a urn:nbn:sk:snk-amksma 
035 |a urn:nbn:sk:snk-am004ciy 
040 |a SNK  |b slo  |c SNK  |e AACR2 
041 1 |a eng  |a ger  |h slo 
043 |a e-xo--- 
044 |a xo  |c SK 
072 7 |a 913(4)  |x Geografia Európy, reálie, cestovanie  |2 konspekt 
080 |a 913(437.6)  |2 2001 
080 |a (084.12)  |2 2001 
080 |a (048.8)  |2 2001 
100 1 |a Muntág, Stanislav,  |d 1965-  |4 aut  |9 106083 
245 1 0 |a Turiec  |b a colourful heart of Slovakia  |c Stanislav Muntág with the collective of the authors ; [photos: Juraj Antal ... [et al.]] 
246 1 1 |a Turiec 
250 |a [1st ed.] 
260 |a Martin  |b Vydavateľstvo Matice slovenskej  |c 2005 
300 |a 100 s.  |b fareb. fotogr.  |c 28 cm 
546 |a Súbež. názov a text nem. 
651 7 |a Turiec (Slovensko : región)  |2 SNKPH  |9 238871 
655 7 |a fotografické publikácie  |2 SNKPH  |9 70483 
655 7 |a monografie  |2 SNKPH  |9 70139 
700 1 |a Antal, Juraj  |4 pht  |9 345753 
919 |a 80-89208-06-1 
958 |a OP 
968 |a Eng  |b SLO  |d 90 
999 |c 1164044  |d 1165974 
952 |a SNK  |b SNK  |y PREZ  |7 0  |p 17A0485785  |o snkSB 71116  |i snk2005/16996  |8 0  |0 0  |1 0  |4 0  |d 2005-10-13  |l 0  |r 2025-04-23 00:00:00  |w 2026-02-24 
952 |a SNK  |b SNK  |y VYP  |7 0  |p 17A0485784  |o snkSB 71116 D1  |i snk2005/16997  |8 0  |0 0  |1 0  |4 0  |d 2005-10-13  |f 1  |l 0  |r 2016-06-30 00:00:00  |w 2026-02-24